000 01053nam a2200253Ia 4500
003 OSt
005 20221002044322.0
006 a|||||r|||| 00| 0
007 ta
008 220930b |||||||| |||| 00| 0 hin d
020 _a8179750116 (hbk (Set))
_c4800
024 _a2518
037 _bBR6651, 24/01/2013, Rajkamal Prakashan Pvt. Ltd.
_cReference Collections
040 _aCRL
_cCRL
_bhin
041 _2hin
_ahin
082 _aO152,1N133x, P2.1-.8(RR)
100 _aसिंह, विजय बहादुर, संपा0
_9569199
245 0 _aभवानीप्रसाद मिश्र रचनावली
260 _aनई
_bदिल्ली अनामिका पब्लिशर्स भारत
_c2002
490 _vभाग 1
650 _aहिन्दी साहित्य
942 _hO152,1N133x, P2.1-.8(RR)
_cref
_2CC
999 _c910114
_d910114